| 000 | 00841nam a2200301 a 4500 | ||
|---|---|---|---|
| 003 | AR-BaBNM | ||
| 005 | 20251128210125.0 | ||
| 008 | 082120s2002 ||||||||||||||000 | spa|| | ||
| 020 | _a958-04-1008-9 | ||
| 040 | _cAR-BaBNM | ||
| 100 | 1 | _aMuzi, Jean | |
| 245 | 0 | 0 | _aDiecisiete fábulas del zorro |
| 260 |
_aSantafé de Bogotá _bNorma _c1997 |
||
| 300 |
_a101 p. _bil. |
||
| 490 | 0 |
_aTorre de papel. Torre azul _vv. 19 |
|
| 500 | _aSe recomienda para niños a partir de nueve años | ||
| 650 | 4 | _aLITERATURA INFANTIL | |
| 650 | 4 | _aLIBROS PARA NIÑOS | |
| 650 | 4 | _aFABULAS | |
| 650 | 4 | _aLITERATURA FRANCESA | |
| 650 | 4 | _aLITERATURA POPULAR | |
| 650 | 4 | _aTRADICION ORAL | |
| 655 | _aLITERATURA | ||
| 700 | 1 |
_aContreras, Margarita _etraductor |
|
| 700 | 1 |
_aArciniegas, Triunfo _eilustrador |
|
| 942 | _cBK | ||
| 998 | _cMARTIN | ||
| 999 |
_c14145 _d14145 |
||